Loading...
| Literature - British | 0 | 5 | 0 | 0 | 50 | 13 | 65.20 | 0 | 3 | 29.83 | 37.98 |
| Literature - American | 0 | 4 | 0 | 1 | 40 | 27 | 93.75 | 1 | 1 | 14.79 | 27.78 |
| Mythology | 0 | 4 | 0 | 0 | 40 | 32 | 51.75 | 0 | 4 | 26.38 | 33.80 |
| History - Other | 0 | 4 | 0 | 0 | 40 | 46 | 67.50 | 1 | 2 | 20.68 | 30.00 |
| History - American | 0 | 3 | 0 | 1 | 30 | 65 | 98.67 | 0 | 1 | 6.43 | 13.13 |
| Literature - European | 0 | 2 | 0 | 1 | 20 | 98 | 115.50 | 1 | 1 | 3.84 | 14.44 |
| History - World | 0 | 2 | 0 | 0 | 20 | 42 | 74.50 | 0 | 1 | 8.63 | 12.32 |
| Religion | 0 | 2 | 1 | 1 | 15 | 80 | 106.00 | 0 | 1 | 3.11 | 10.12 |
| Social Science | 0 | 1 | 0 | 0 | 10 | 31 | 31.00 | 0 | 1 | 8.09 | 9.88 |
| Fine Arts - Other | 0 | 1 | 0 | 0 | 10 | 28 | 28.00 | 1 | 1 | 8.98 | 11.11 |
| History - European | 0 | 1 | 0 | 0 | 10 | 101 | 101.00 | 0 | 0 | 2.06 | 5.56 |
| Literature - World/Other | 0 | 1 | 0 | 0 | 10 | 69 | 69.00 | 1 | 1 | 6.07 | 9.72 |
| Other Academic | 0 | 1 | 0 | 1 | 10 | 92 | 92.00 | 0 | 0 | 14.34 | 15.00 |
| Philosophy | 0 | 1 | 0 | 0 | 10 | 95 | 95.00 | 0 | 0 | 2.39 | 7.78 |
| Science - Chemistry | 0 | 1 | 0 | 1 | 10 | 128 | 128.00 | 0 | 0 | -0.18 | 3.03 |
| Fine Arts - Classical Music | 0 | 1 | 1 | 0 | 5 | 12 | 12.00 | 1 | 1 | 9.91 | 7.41 |
| Geography/Current Events | 0 | 1 | 2 | 1 | 0 | 126 | 126.00 | 0 | 0 | 0.00 | 2.50 |